=LDR 00000nam 2200000 4500 =001 INLIS000000000032981 =005 20130612134948 =008 ***********************************ind** =035 ##$$0010-061300000032981 =041 ##$$a ind =082 ##$$a 028.55 =090 ##$$a 0285.55, sas t =100 ##$$a Sansongko, Setiawan G =245 ##$$a Tomato, Tomat, Setiawan G. Sasongko;Penerjemah, Diaznarrendra P; Editor, M. Ihsan =260 ##$$a 2007 $b Jakarta =300 ##$$a 24 hlm, Ilus, 20 cm =650 ##$$a Bacaan Anak-Anak =700 ##$$a Diaznarrendra P =850 ##$$a NBPNMAT